Reliez les paroles des chansons de Johnny Hallyday à son titre - Statistiques

Statistiques générales
  • Ce quiz a été pris 1 011 fois
  • Le résultat moyen est 10 sur 18
Statistiques - réponses
Hint Réponse % Correct
Tourner le temps à l'orage, revenir à l'état sauvage, forcer les portes, les barrages, sortir le loup de sa cage" Allumer le feu
92%
"Qu'on me donne l'obscurité puis la lumière, qu'on me donne la faim, la soif puis un festin" L'envie
88%
"J'y crois comme à la terre, j'y crois comme au soleil, j'y crois comme un enfant, comme on peut croire au ciel" Je te promets
86%
"Tu brûles mon esprit, ton amour étrangle ma vie et l'enfer devient comme un espoir car dans tes mains je meurs chaque soir" Gabrielle
69%
"J'y mets mes joies, j'y mets mes peines et tout ça, ça devient le blues, je le chante autant que je l'aime et je le chanterai toujours" Toute la musique que j'aime
69%
"Je vous préviens n'approchez pas, que vous soyez flics ou badauds, je tue celui qui fait un pas, je ne ferai pas de cadeau" Requiem pour un fou
68%
"Quel est ce pays où frappe la nuit, la loi du plus fort ?" Diego, libre dans sa tête
64%
"Quand tes cheveux s'étalent comme un soleil d'été et que ton oreiller ressemble aux champs de blé" Que je t'aime
60%
"Oh, mères, écoutez-moi, ne laissez jamais vos garçons seuls la nuit traîner dans les rues, ils iront tout droit en prison" Le pénitencier
57%
"J'ai pas toujours trouvé les mots pour bercer tes rêves d'enfant, ensemble on est devenu grand, de bons points en double zéro" Sang pour sang
54%
"Cette force qui nous pousse vers l'infini, y a peu d'amour avec tellement d'envie, si peu d'amour avec tellement de bruit" Quelque chose de Tennessee
51%
"J'ai vu plus d'horreurs que de merveilles, les hommes sont devenus fous à lier, je donnerais tout pour oublier" Marie
48%
"Des gens qui cherchent la lumière en pleine nuit, des gens qui courent après l'amour et qui le fuient" Vivre pour le meilleur
47%
"Ce qui m'a fait vivre était en moi, des caresses et des sourires, j'ai souvent passé mon tour, je n'ai jamais appris à donner tant d'amour" Laura
43%
"Oh je sais que tu n'as rien dit, c'est ton œil que je prends au mot, souvent un seul regard suffit pour vous planter mieux qu'un couteau" Ma gueule
41%
"Si jamais on me dit que j'ai trahi alors je ne bronche pas, si jamais on me dit que j'ai menti alors je ne relève pas" J'en parlerai au diable
40%
"Serre-moi fort contre ton corps, il faut qu’à l’heure des folies le grand amour raye le jour et nous fasse oublier la vie" Retiens la nuit
35%
"Je cherche celle qui serait mienne mais comment faire pour la trouver, le temps s'en va, le temps m'entraîne, je ne fais que passer" L'idole des jeunes
31%
Aucun quiz correspondant
Distribution des résultats
% des personnes avec chaque résultat
Percentile par nombre de réponses
Votre historique - résultats
Vous n’avez pas pris ce quiz